Základné prvky európskeho bezpečnostného systému a ich ekonomické konzekvencie
Z devätnástich členov NATO len dve nie sú súčasťou Európy (Kanada, USA). Zaujímavým aspektom NATO ako spolku sú piliere, na ktorých stavia svoj bezpečnostný systém starý kontinent, z ktorých najvýznamnejšiu úlohu zohráva spoločná bezpečnostná politika EÚ. Islandská zahraničná politika. NATO a SR. Po...
Enregistré dans:
| Auteur principal: | |
|---|---|
| Format: | Chapitre de livre |
| Langue: | slovaque |
| Sujets: | |
| Tags: |
Pas de tags, Soyez le premier à ajouter un tag!
|
MARC
| LEADER | 00000naa$a2200000$$$4500 | ||
|---|---|---|---|
| 001 | 0035712 | ||
| 005 | 20240502071448.7 | ||
| 041 | 0 | |a slo | |
| 044 | |a SK | ||
| 245 | 1 | 0 | |a Základné prvky európskeho bezpečnostného systému a ich ekonomické konzekvencie |c Zuzana Pupáková |
| 520 | |a Z devätnástich členov NATO len dve nie sú súčasťou Európy (Kanada, USA). Zaujímavým aspektom NATO ako spolku sú piliere, na ktorých stavia svoj bezpečnostný systém starý kontinent, z ktorých najvýznamnejšiu úlohu zohráva spoločná bezpečnostná politika EÚ. Islandská zahraničná politika. NATO a SR. Poľsko a USA. | ||
| 610 | 2 | 0 | |a bezpečnosť |
| 610 | 2 | 0 | |a bezpečnosť európska |
| 610 | 2 | 0 | |a Island |
| 610 | 2 | 0 | |a Slovensko |
| 610 | 2 | 0 | |a Poľsko |
| 610 | 2 | 0 | |a USA |
| 610 | 2 | 0 | |a NATO |
| 100 | 1 | |a Pupáková, Zuzana | |